| 000 | 00616cam a2200145 4500500 | ||
|---|---|---|---|
| 005 | 20251012032210.0 | ||
| 041 | _afre | ||
| 042 | _adc | ||
| 100 | 1 | 0 |
_aClerc, Louis _eauthor |
| 245 | 0 | 0 | _aHenrik Berggren Underbara dagar framför oss - En biografi över Olof Palme Stockholm, Norsteds, 2011 - Edessä ihana tulevaisuus, Olof Palme ja kansankoti Helsinki, Otava, 2011 |
| 260 | _c2012. | ||
| 500 | _a62 | ||
| 786 | 0 | _nRevue d'histoire nordique | 14 | 1 | 2012-05-26 | p. 213-220 | 1778-9605 | |
| 856 | 4 | 1 | _uhttps://shs.cairn.info/revue-revue-d-histoire-nordique-2014-1-page-213?lang=fr&redirect-ssocas=7080 |
| 999 |
_c1546907 _d1546907 |
||